Charlie Sheen`s Psychosis Quiz Stats

 Plays Quiz not verified by Sporcle

Support Sporcle.
Go Orange.
Score 0/10 Timer 03:00
0 Plays Today
Question % Correct
What is his Blood TypeTiger
85.7%
Favorite WordWinning
82.7%
Show he got fired fromTwo and a half men
81.2%
What are his girlfriendsGoddesses
49.6%
Main Drug Cocaine
48.1%
Type of magicianWarlock
44.4%
If youre not on his side your a _____Troll
35.3%
I am riding a ____ sufrboard on a TsunamiMercury
27.1%
Web Cast (how he spells it)Sheens Korner
24.1%
Weapon of ChoiceMachete
15%

You're not logged in!

Compare scores with friends on all Sporcle quizzes.
OR
Log In

From the Vault

Patronymic Surnames

by triplet_3

Patronymic is a big word meaning your last name came from your great, great, great grandpa John.
Remove Ads.
Support Sporcle.
Get the best of Sporcle when you Go Orange. This ad-free experience offers more features, more stats, and more fun while also helping to support Sporcle. Thank you for becoming a member.

Show Comments

Extras

Created Mar 8, 2011ReportNominate
Tags:charlie, rant

Top Quizzes Today


Score Distribution

Your Account Isn't Verified!

In order to create a playlist on Sporcle, you need to verify the email address you used during registration. Go to your Sporcle Settings to finish the process.

Report this User

Report this user for behavior that violates our Community Guidelines.

Details: